000 00454nam a22001697a 4500
003 SGT
020 _a9781496331519
082 _a612.8
_bN18B
100 _aBHATNAGAR, SUBHASH C.
245 _aNEUROSICENCE FOR THE STUDY OF COMMUNICATIVE DISORDERS
250 _a5TH
260 _aPHILADELPHIA
_bWOLTERS KLUWER PUB
_c2018
300 _a582
650 _aAUDIOLOGY
653 _aNEUROSICENCE FOR THE STUDY OF COMMUNICATIVE DISORDERS
942 _2ddc
_cBK
999 _c23456
_d23456